Central Library OPAC University of Rajshahi

Table talk from Ben Jonson to Leigh Hunt / (Record no. 22715)

MARC details
000 -LEADER
fixed length control field 01202mam a2200313 a 4500
001 - CONTROL NUMBER
control field 22715
003 - CONTROL NUMBER IDENTIFIER
rucl marc code BD-RjUL
005 - DATE AND TIME OF LATEST TRANSACTION
control field 20211209000837.0
008 - FIXED-LENGTH DATA ELEMENTS--GENERAL INFORMATION
fixed length control field 140309s1934 enk b 000 0 eng d
035 ## - SYSTEM CONTROL NUMBER
System control number (OCoLC)ocm08421091
System control number (BD-RjUL)22780
System control number (NNC)2113096
040 ## - CATALOGING SOURCE
Original cataloging agency MNM
Transcribing agency MNM
Modifying agency OCL
-- BD-RjUL
Language of cataloging eng
041 ## - LANGUAGE CODE
Language code of text/sound track or separate title eng
082 ## - DEWEY DECIMAL CLASSIFICATION NUMBER
Classification number 824.08
Author mark and year TAB 1934
090 ## - LOCALLY ASSIGNED LC-TYPE CALL NUMBER (OCLC); LOCAL CALL NUMBER (OCLC)
Classification number (OCLC) (R) ; Classification number, CALL (RLIN) (NR) PN6260
Local cutter number (OCLC) ; Book number/undivided call number, CALL (RLIN) .T3 1934x
245 00 - TITLE STATEMENT
Title Table talk from Ben Jonson to Leigh Hunt /
Statement of responsibility, etc. selected and edited with an introduction by James Thornton.
250 ## - EDITION STATEMENT
Edition statement 1st ed.
260 ## - PUBLICATION, DISTRIBUTION, ETC. (IMPRINT)
Place of publication, distribution, etc. London ;
-- New York :
Name of publisher, distributor, etc. J.M. Dent ;
-- E.P. Dutton,
Date of publication, distribution, etc. 1934.
300 ## - PHYSICAL DESCRIPTION
Pagination xix, 288 p. ;
Size 18 cm.
490 1# - SERIES STATEMENT
Series statement Everyman's library
Volume/sequential designation no. 906
504 ## - BIBLIOGRAPHY, ETC. NOTE
Bibliography, etc Bibliography: xvi-xvii.
505 0# - FORMATTED CONTENTS NOTE
Formatted contents note Ben Jonson -- John Selden -- Alexander Pope -- Horace Walpole --Samuel Foote -- Richard Brinsley Sheridan -- Richard Porson -- Samuel Rogers --Sydney Smith -- Samuel Taylor Coleridge -- William Hazlitt and James Northcote -- Leigh Hunt -- Lord Byron.
650 #0 - SUBJECT ADDED ENTRY--TOPICAL TERM
Topical term or geographic name as entry element Table-talk.
9 (RLIN) 12862
700 1# - ADDED ENTRY--PERSONAL NAME
Personal name Thornton, James Cholmondeley,
Dates associated with a name 1906-
830 #0 - SERIES ADDED ENTRY--UNIFORM TITLE
Volume number/sequential designation no. 906.
830 #0 - SERIES ADDED ENTRY--UNIFORM TITLE
Uniform title Everyman's library ;
942 ## - ADDED ENTRY ELEMENTS (KOHA)
Source of classification or shelving scheme Dewey Decimal Classification
Koha item type Books
Holdings
Lost status Source of classification or shelving scheme Damaged status Not for loan Collection code Permanent Location Current Location Shelving location Date acquired Source of acquisition Cost, normal purchase price Total Checkouts Full call number Date last seen Copy number Koha item type
  Dewey Decimal Classification   Added to bundle Fiction Central Library, University of Rajshahi Central Library, University of Rajshahi Reading Room 19/09/1955 B. H. Bluckwell 55.00   824.08 TAB 1934 09/03/2014 C-1 Books